01340nam a2200157 a 4500008004100000020001500041041000800056100001900064245004200083250005600125260003800181300002000219500008300239505084500322655001501167180221s2005 ag ||||fr|||| 00| e spa d a9875660353 aspa1 aBarylko, Jaime aVariaciones del amor /cJaime Barylko a1a ed.bLic. Jaia Barylko y Lic. Patricia Iacovone. aBuenos Aires:bDebolsillo;c2005. a192 p.c19x13cm aBarylko, J. (2005). Variaciones del amor. (1a ed.). Buenos Aires : DeBolsillo. a"Es tan natural querer amar. Es tan complicado poder hacerlo" Así expresa Jaime Barylko uno de los grandes temas que hacen a la humanidad. Y nos propone el desafío de detener la marcha de la cotidianidad para poner en funcionamiento el motor del pensamiento. Barylko nos enfrenta con una cuestión esencial para el hombre y para la mujer de estos tiempos: el trabajo del amor, el compromiso en tanto promesa que crece entre dos. El autor nos invita a poner en duda lo dado por hecho, lo establecido, y analiza el azar del encuentro entre dos personas: "Voy hacia ti porque necesito ser percibido, ser definido. Debo hacer algo porque debo ser alguien". Con su mirada aguda, apoyándose en pensadores y obras clave de todos los tiempos, el filósofo y educador Jaime Barylko nos invita a recrear la multiplicidad y riqueza del amor.  aLiteratura